000 00729nam a22002292 4500
001 0000024492
005 20151217152303.0
008 131218s xx 000 0 eng d
020 _a0199584833 :
040 _aKABU
_cKABU
100 1 _aFocarelli, Carlo.
_@0000184693
245 1 0 _aInternational law as social construct :
_ba struggle for global justice /
_cCarlo Focarelli.
250 _a1st ed.
260 _aOxford :
_bO. U. P.,
_c2012.
300 _aliii, 571 p.
650 0 _aInternational law
_xSocial aspects.
_@0000160187
650 0 _aCivil rights.
_@0000178777
650 0 _aGlobalization.
_@0000150264
852 1 _9p10800 KES
908 _a131218
950 _@1
999 _c10309
_d10309